Physical fluid dynamics
-д хадгалсан:
| Үндсэн зохиолч: | |
|---|---|
| Формат: | Ном |
| Хэл сонгох: | англи |
| Хэвлэсэн: |
Oxford
Clarendon Press
1988
|
| Хэвлэл: | 2a. ed |
| Нөхцлүүд: | |
| Шошгууд: |
Шошго нэмэх
Шошго байхгүй, Энэхүү баримтыг шошголох эхний хүн болох!
|
MARC
| LEADER | 00000nam a2200000 a 4500 | ||
|---|---|---|---|
| 001 | UCR5430 | ||
| 003 | CL-VaPUC | ||
| 008 | 980327e19880000UK |||||||||||||||||eng|d | ||
| 082 | 0 | 4 | |a 532.05 |b TRI |2 21 |
| 100 | 0 | |a Tritton, D. J |e author |9 406350 | |
| 245 | 1 | 0 | |a Physical fluid dynamics |
| 250 | |a 2a. ed | ||
| 300 | |a 519 p | ||
| 942 | |c BK | ||
| 945 | |d 19980327 00:00:00 |a rbrito | ||
| 260 | |a Oxford |b Clarendon Press |c 1988 | ||
| 650 | 0 | |a Dinámica de fluidos |9 260582 | |
| 650 | 0 | |a Viscosidad |9 260583 | |
| 650 | 0 | |a Ecuaciones |9 260137 | |
| 650 | 7 | |a SEPARACION |2 CL-VaPUC |9 328671 | |
| 650 | 7 | |a ROCE |2 CL-VaPUC |9 406351 | |
| 650 | 7 | |a ROTACION DE FLUIDOS |2 CL-VaPUC |9 406352 | |
| 650 | 7 | |a INESTABILIDAD |2 CL-VaPUC |9 348408 | |
| 650 | 7 | |a TURBULENCIA |2 CL-VaPUC |9 331387 | |
| 583 | |a last modification |c 19980327 00:00:00 |k Rodrigo Vera | ||
| 999 | |c 268028 |d 268026 | ||
| 952 | |0 0 |1 0 |4 0 |6 532_050000000000000_TRI_1988 |7 0 |8 A |9 300887 |a BIBCUR |b BIBCUR |d 2019-11-20 |i 3409295 |o 532.05 TRI 1988 |p 3409295 |r 2025-04-22 |w 2019-11-20 |y BK |k FIS | ||